| 000 | 00411nam a2200181Ia 4500 | ||
|---|---|---|---|
| 003 | 0100 | ||
| 008 | 130303s9999 xx 000 0 und d | ||
| 040 | _cARRUPELIB | ||
| 050 | _aBV4012.2.S91986 | ||
| 100 | _aSwitzer, David K | ||
| 245 | 4 | _aThe Minister as Crisis Counselor | |
| 260 | _aNashville | ||
| 260 | _bAbingdon Press Inc | ||
| 260 | _C1986 | ||
| 300 | _a287p | ||
| 650 | _bIdealism | ||
| 942 | 0 | 0 | _01 |
| 999 |
_c22866 _d22866 |
||